[Event "Autumn 1800+ Extra"]
[Site "SchemingMind.com"]
[Date "2017.09.17"]
[Round "-"]
[White "Stephen Woodhouse"]
[Black "frankly"]
[Result "0-1"]
[WhiteCountry "ENG"]
[BlackCountry "ENG"]
[WhiteElo "1876"]
[WhiteRD "60"]
[BlackElo "2526"]
[BlackRD "63"]
[GameID "418642"]

1. e4 e5 2. Nf3 Nc6 3. d4 exd4 4. Nxd4 Nf6 5. Nc3 Bb4 6. Nxc6 bxc6 7. Bd3 d5 8. exd5 cxd5 9. O-O O-O 10. Bg5 c6
11. Qf3 Re8 12. h3 Bd6 13. Rae1 Be6 14. Ne2 Be5 15. Nf4 Bxb2 16. Nxe6 fxe6 17. Qg3 e5 18. Bf5 Rb8 19. c3 Qd6 20. Re3 Rb7
21. Rf3 Nh5 22. Qh4 g6 23. Bc2 e4 24. Re3 Ng7 25. g4 Qa3 26. Bb3 a5 27. f3 a4 28. Bd1 Bxc3 29. Bf6 Qc5 30. Kf2 Rb2+
31. Be2 exf3 32. Bxc3 Qxe3+
0-1

[Event "Autumn 1800+ Extra"]
[Site "SchemingMind.com"]
[Date "2017.09.17"]
[Round "-"]
[White "frankly"]
[Black "Stephen Woodhouse"]
[Result "1-0"]
[WhiteCountry "ENG"]
[BlackCountry "ENG"]
[WhiteElo "2526"]
[WhiteRD "63"]
[BlackElo "1876"]
[BlackRD "60"]
[GameID "418643"]

1. d4 e6 2. e4 d5 3. Nc3 Nf6 4. Bg5 Be7 5. e5 Nfd7 6. Bxe7 Qxe7 7. Nb5 Nb6 8. c3 a6 9. Na3 Bd7 10. Nc2 c5
11. Be2 Nc6 12. Nf3 Rc8 13. O-O O-O 14. Re1 cxd4 15. Ncxd4 Nxd4 16. Qxd4 Qc5 17. Qxc5 Rxc5 18. Nd4 Nc4 19. Bxc4 Rxc4 20. a3 Rfc8
21. g4 Kf8 22. f4 b5 23. Kf2 a5 24. Ke3 b4 25. cxb4 axb4 26. a4 b3 27. a5 Ra8 28. Ra3 Ba4 29. Rea1 Rxa5 30. Nxb3 Rb5
31. Nd2 Rc2 32. Rxa4 g6 33. b4 d4+ 34. Kd3 Rc3+ 35. Kxd4 Rh3 36. Ne4 Rxh2 37. Ra8+ Kg7 38. Nf6
1-0

[Event "Autumn 1800+ Extra"]
[Site "SchemingMind.com"]
[Date "2017.10.03"]
[Round "-"]
[White "John Hamer"]
[Black "Stephen Woodhouse"]
[Result "1/2-1/2"]
[WhiteCountry "ENG"]
[BlackCountry "ENG"]
[WhiteElo "1985"]
[WhiteRD "67"]
[BlackElo "1876"]
[BlackRD "60"]
[GameID "419189"]

1. d4 e6 2. Bf4 d5 3. Nf3 Bd6 4. Bg3 Nf6 5. e3 O-O 6. Nbd2 c5 7. c3 b6 8. Bd3 Ba6 9. Bxa6 Nxa6 10. O-O cxd4
11. cxd4 Bxg3 12. fxg3 Nc7 13. Rc1 Nce8 14. Ne5 Nd6 15. Qf3 Rc8 16. Qe2 Nfe4 17. Nc6 Qd7 18. Ne5 Qb7 19. Rxc8 Qxc8 20. Nxe4 Nxe4
21. Nd3 Qb7 22. Rc1 Rc8=
1/2-1/2

[Event "Autumn 1800+ Extra"]
[Site "SchemingMind.com"]
[Date "2017.10.04"]
[Round "-"]
[White "Stephen Woodhouse"]
[Black "John Hamer"]
[Result "0-1"]
[WhiteCountry "ENG"]
[BlackCountry "ENG"]
[WhiteElo "1876"]
[WhiteRD "60"]
[BlackElo "1985"]
[BlackRD "67"]
[GameID "419190"]

1. e4 e5 2. Nf3 Nc6 3. d4 Nf6 4. dxe5 Nxe4 5. Bc4 Qe7 6. Qe2 f5 7. Nc3 Qb4 8. O-O Nxc3 9. bxc3 Qxc3 10. Bg5 h6
11. Bd2 Qxc2 12. Bd3 Qa4 13. Bxf5 Be7 14. Bg6+ Kd8 15. Rfd1 Rf8 16. Bc3 Qg4 17. Be4 Rf4 18. Bxc6 bxc6 19. h3 Qg6 20. Rd4 Rf8
21. Rad1 c5 22. Rg4 Qa6 23. Qxa6 Bxa6 24. Rd2 g5 25. e6 d6 26. Ne5 Ke8 27. Nd7 Rf5 28. Bg7 Bb5 29. Bxh6 Bxd7 30. exd7+ Kxd7
31. f4 Rxf4 32. Rxf4 gxf4 33. Bxf4 c6 34. g4 d5 35. g5 c4 36. Rg2 Bc5+ 37. Kf1 Rf8 38. Rg4 Bd6 39. g6 Bxf4 40. Kg2 Bh6
41. h4 Rg8 42. Kf3 c3 43. Rg2 Rf8+ 44. Kg4 Bd2 45. g7 Rg8 46. Kh5 c2 47. Rg1 d4
0-1

[Event "Autumn 1800+ Extra"]
[Site "SchemingMind.com"]
[Date "2017.10.03"]
[Round "-"]
[White "John Hamer"]
[Black "frankly"]
[Result "0-1"]
[WhiteCountry "ENG"]
[BlackCountry "ENG"]
[WhiteElo "1985"]
[WhiteRD "67"]
[BlackElo "2526"]
[BlackRD "63"]
[GameID "419191"]

1. d4 Nf6 2. c4 e6 3. Nf3 b6 4. Bf4 Bb4+ 5. Nbd2 Bb7 6. e3 O-O 7. Bd3 Nh5 8. Bg3 Be7 9. O-O c5 10. dxc5 Nxg3
11. hxg3 bxc5 12. Qc2 g6 13. Rfd1 Nc6 14. Qa4 Qb6 15. Nb3 Rab8 16. Rd2 Nb4 17. Rad1 Bc6 18. Qa3 Nxd3 19. Rxd3 d6 20. Na5 Be4
21. Rb3 Qc7 22. Rd2 Rb6 23. Rb5 Ra6 24. Qc3 Bd8 25. Nb3 Rxa2 26. Nc1 Ra1 27. Re2 Bc6 28. Rb3 Qa5 29. Kh2 Ba4 30. Ra3 Qxc3
31. Rxc3 Ba5 32. Ra3 Rxa3 33. bxa3 Rb8 34. Nd3 Rb3 35. Nb2 Bc6 36. a4 f6 37. Kh3 Kf7 38. g4 Be4 39. Nh4 g5 40. Nf3 d5
41. Nh2 d4 42. Nd1 d3 43. Rb2 Rxb2 44. Nxb2 d2 45. f3 Bd3
0-1

[Event "Autumn 1800+ Extra"]
[Site "SchemingMind.com"]
[Date "2017.10.03"]
[Round "-"]
[White "frankly"]
[Black "John Hamer"]
[Result "1-0"]
[WhiteCountry "ENG"]
[BlackCountry "ENG"]
[WhiteElo "2526"]
[WhiteRD "63"]
[BlackElo "1985"]
[BlackRD "67"]
[GameID "419192"]

1. e4 c6 2. d4 d5 3. Nc3 g6 4. Nf3 Bg7 5. h3 Nh6 6. Bd3 O-O 7. O-O f6 8. Be3 dxe4 9. Nxe4 Nf5 10. Qe2 Kh8
11. Rfe1 Nxe3 12. Qxe3 Nd7 13. Rad1 Qc7 14. c4 e5 15. c5 f5 16. Neg5 Qa5 17. Nxe5 Nxe5 18. dxe5 h6 19. e6 hxg5 20. e7 Re8
21. Qxg5 Kh7 22. Bc4 Bh6 23. Qf6 Bg7 24. Qh4+ Bh6 25. Bf7 Bd7 26. Bxg6+
1-0

[Event "Autumn 1800+ Extra"]
[Site "SchemingMind.com"]
[Date "2017.11.17"]
[Round "-"]
[White "John Hamer"]
[Black "fu_manchu"]
[Result "1-0"]
[WhiteCountry "ENG"]
[BlackCountry "CAN"]
[WhiteElo "1996"]
[WhiteRD "65"]
[BlackElo "1880"]
[BlackRD "70"]
[GameID "420780"]

1. d4 Nf6 2. Nf3 e6 3. Bg5 Be7 4. e3 b6 5. Bd3 Bb7 6. O-O O-O 7. c4 c5 8. Nc3 Nc6 9. Rc1 Nb4 10. Be2 Rc8
11. a3 Nc6 12. d5 exd5 13. cxd5 Na5 14. d6 Bxd6 15. Qxd6 Rc6 16. Qg3 Re6 17. Ne5 Kh8 18. Rfd1 d5 19. Bd3 h6 20. Bxf6 Qxf6
21. Nd7
1-0

[Event "Autumn 1800+ Extra"]
[Site "SchemingMind.com"]
[Date "2017.11.17"]
[Round "-"]
[White "fu_manchu"]
[Black "John Hamer"]
[Result "1-0"]
[WhiteCountry "CAN"]
[BlackCountry "ENG"]
[WhiteElo "1880"]
[WhiteRD "70"]
[BlackElo "1996"]
[BlackRD "65"]
[GameID "420781"]

1. d4 c6 2. c4 d5 3. Nf3 Nf6 4. e3 e6 5. Bd3 Bd6 6. O-O O-O 7. Qc2 b6 8. Nc3 dxc4 9. Bxc4 Bb7 10. e4 Be7
11. Re1 Nbd7 12. e5 Nd5 13. Nxd5 exd5 14. Bd3 g6 15. Bh6 Re8 16. e6 Nf8 17. exf7+ Kxf7 18. Ne5+ Kg8 19. Bxf8 Bxf8 20. Bxg6 Re7
21. Bxh7+ Rxh7 22. Qg6+ Kh8 23. Nf7+ Rxf7 24. Qxf7 Ba6 25. Re5 Bh6 26. Rh5 Qd6 27. Re1 Rf8 28. Re6
1-0

[Event "Autumn 1800+ Extra"]
[Site "SchemingMind.com"]
[Date "2017.11.16"]
[Round "-"]
[White "fu_manchu"]
[Black "Stephen Woodhouse"]
[Result "0-1"]
[WhiteCountry "CAN"]
[BlackCountry "ENG"]
[WhiteElo "1872"]
[WhiteRD "65"]
[BlackElo "1883"]
[BlackRD "61"]
[GameID "420782"]

1. d4 e6 2. c4 f5 3. Nc3 Nf6 4. Nf3 Be7 5. e3 O-O 6. Bd3 b6 7. O-O Bb7 8. Qc2 Qe8 9. Be2 Ne4 10. a3 d6
11. b4 Nd7 12. d5 Nxc3 13. Qxc3 Bf6 14. Nd4 exd5 15. cxd5 Bxd5 16. Qxc7 Bxd4 17. exd4 Qxe2 18. Qxd7 Qe4 19. f3 Qxd4+ 20. Kh1 Qxa1
0-1

[Event "Autumn 1800+ Extra"]
[Site "SchemingMind.com"]
[Date "2017.11.16"]
[Round "-"]
[White "Stephen Woodhouse"]
[Black "fu_manchu"]
[Result "1-0"]
[WhiteCountry "ENG"]
[BlackCountry "CAN"]
[WhiteElo "1883"]
[WhiteRD "61"]
[BlackElo "1872"]
[BlackRD "65"]
[GameID "420783"]

1. e4 c5 2. c3 d5 3. exd5 Qxd5 4. d4 Nf6 5. Nf3 e6 6. Na3 Be7 7. Nb5 Qd8 8. dxc5 Qxd1+ 9. Kxd1 Na6 10. Nd6+ Bxd6
11. cxd6 O-O 12. Bf4 Ne4 13. Ke1 Rd8 14. Rd1 Nac5 15. Ng5 Nxg5 16. Bxg5 f6 17. Bf4 e5 18. Bc4+ Kf8 19. Be3 Ne4 20. Ke2 Bf5
21. f3 Nxd6 22. Bc5 Ke7 23. Bd3 Bxd3+ 24. Rxd3 Ke6 25. Rhd1 Nf7 26. Rxd8 Nxd8 27. Rd6+ Kf5 28. g4+ Kg6 29. Rd7 b6 30. Be3 Nc6
31. h4 h6 32. h5+ Kh7 33. Kd3 Rd8 34. Rxd8 Nxd8 35. Kc4 Nb7 36. Kd5 Kg8 37. b4 Kf8 38. Kc6 Nd8+ 39. Kd7 Nf7 40. c4
1-0

[Event "Autumn 1800+ Extra"]
[Site "SchemingMind.com"]
[Date "2017.11.17"]
[Round "-"]
[White "fu_manchu"]
[Black "frankly"]
[Result "0-1"]
[WhiteCountry "CAN"]
[BlackCountry "ENG"]
[WhiteElo "1880"]
[WhiteRD "70"]
[BlackElo "2625"]
[BlackRD "62"]
[GameID "420784"]

1. d4 Nf6 2. c4 e6 3. Nc3 Bb4 4. e3 O-O 5. Bd3 d5 6. Ne2 dxc4 7. Bxc4 e5 8. O-O Nc6 9. d5 Ne7 10. e4 Ng6
11. Qb3 Bc5 12. Bg5 h6 13. Bxf6 Qxf6 14. Rac1 a6 15. a4 Bd6 16. a5 Bd7 17. Ng3 Nf4 18. Nce2 Rfe8 19. Qc2 h5 20. Nxf4 exf4
21. Nf5 Be5 22. Rcd1 g6 23. Nh6+ Kh7 24. Nxf7 Qxf7 25. d6 Qg7 26. dxc7 Rac8 27. Qd2 Rxc7 28. b3 f3 29. gxf3 Qf6 30. Kg2 Bh3+
31. Kg1 Rd8 32. Qxd8 Qf4 33. Qg8+ Kh6 34. Rd8 Qxh2#
0-1

[Event "Autumn 1800+ Extra"]
[Site "SchemingMind.com"]
[Date "2017.11.17"]
[Round "-"]
[White "frankly"]
[Black "fu_manchu"]
[Result "1-0"]
[WhiteCountry "ENG"]
[BlackCountry "CAN"]
[WhiteElo "2625"]
[WhiteRD "62"]
[BlackElo "1880"]
[BlackRD "70"]
[GameID "420785"]

1. d4 Nf6 2. Nf3 e6 3. c4 b6 4. a3 Bb7 5. Nc3 Be7 6. d5 O-O 7. e4 exd5 8. cxd5 d6 9. Bd3 Nbd7 10. O-O Re8
11. Nd4 Ne5 12. Bc2 Qd7 13. Ba4 c6 14. f4 Qg4 15. fxe5 dxe5 16. dxc6 Ba6 17. Nf5 Bc5+ 18. Be3 Bxf1 19. Qxg4 Nxg4 20. Bxc5 Re6
21. Rxf1 bxc5 22. c7 Rc8 23. Rd1
1-0

[Event "Autumn 1800+ Extra"]
[Site "SchemingMind.com"]
[Date "2017.12.05"]
[Round "-"]
[White "emvarela"]
[Black "John Hamer"]
[Result "0-1"]
[WhiteCountry "ARG"]
[BlackCountry "ENG"]
[WhiteElo "1747"]
[WhiteRD "64"]
[BlackElo "2022"]
[BlackRD "66"]
[GameID "421545"]

1. e4 a6 2. d4 b5 3. Nf3 e6 4. Bd3 Bb7 5. O-O Nf6 6. e5= Nd5 7. a4 Nc6 8. axb5 axb5 9. Rxa8 Qxa8 10. Bxb5 Be7
11. c4 Na7 12. Bxd7+ Kxd7 13. cxd5 Bxd5 14. Nc3 Bxf3 15. Qxf3 Qe8 16. d5 Bc5 17. Rd1 Kc8 18. dxe6 Kb8 19. exf7 Qxe5 20. Nd5 Nb5
21. Nb6 Bxb6 22. f8=Q+ Rxf8 23. Qxf8+ Kb7 24. Qf3+ Ka7
0-1

[Event "Autumn 1800+ Extra"]
[Site "SchemingMind.com"]
[Date "2017.12.05"]
[Round "-"]
[White "John Hamer"]
[Black "emvarela"]
[Result "1-0"]
[WhiteCountry "ENG"]
[BlackCountry "ARG"]
[WhiteElo "2022"]
[WhiteRD "66"]
[BlackElo "1747"]
[BlackRD "64"]
[GameID "421546"]

1. d4 Nf6 2. Nf3 d5 3. c4 c6 4. Nc3 e6 5. e3 Nbd7 6. Bd3 dxc4 7. Bxc4 b5 8. Bd3 a6 9. O-O c5 10. Bd2 Bb7
11. b3 Bd6 12. b4 cxb4 13. Ne2 Bxf3 14. gxf3 O-O 15. e4 e5 16. Rc1 Rc8 17. f4 exd4 18. e5 Rxc1 19. Nxc1 Nc5 20. Qf3 Nxd3
21. Nxd3 a5 22. exf6 Qxf6 23. Re1 Rc8 24. Re4 Rc2 25. Re8+ Bf8 26. Ne5 Rxd2 27. Qa8 Rd1+ 28. Kg2
1-0

[Event "Autumn 1800+ Extra"]
[Site "SchemingMind.com"]
[Date "2017.12.05"]
[Round "-"]
[White "emvarela"]
[Black "fu_manchu"]
[Result "0-1"]
[WhiteCountry "ARG"]
[BlackCountry "CAN"]
[WhiteElo "1747"]
[WhiteRD "64"]
[BlackElo "1824"]
[BlackRD "72"]
[GameID "421547"]

1. e4 c5 2. Nf3 d6 3. d4 cxd4 4. Nxd4 Nf6 5. Bb5+ Bd7 6. Bxd7+ Qxd7 7. Nc3 e5 8. Nb3 Be7 9. Be3 O-O 10. O-O Nc6
11. f3 a6 12. Qe2 Rac8
0-1

[Event "Autumn 1800+ Extra"]
[Site "SchemingMind.com"]
[Date "2017.12.05"]
[Round "-"]
[White "fu_manchu"]
[Black "emvarela"]
[Result "0-1"]
[WhiteCountry "CAN"]
[BlackCountry "ARG"]
[WhiteElo "1824"]
[WhiteRD "72"]
[BlackElo "1747"]
[BlackRD "64"]
[GameID "421548"]

1. e4 e5 2. Nf3 Nc6 3. d4 exd4 4. Nxd4 Bc5 5. Be3 Qf6 6. c3 d6 7. Bd3 Ne5 8. Bc2 Ng4 9. O-O Qe5 10. f4 Nxe3
11. fxe5 Nxd1 12. exd6 Ne3 13. Re1 Nxc2
0-1

[Event "Autumn 1800+ Extra"]
[Site "SchemingMind.com"]
[Date "2017.12.05"]
[Round "-"]
[White "emvarela"]
[Black "Stephen Woodhouse"]
[Result "0-1"]
[WhiteCountry "ARG"]
[BlackCountry "ENG"]
[WhiteElo "1747"]
[WhiteRD "64"]
[BlackElo "1830"]
[BlackRD "66"]
[GameID "421549"]

1. e4 e6 2. d4 d5 3. Nc3 Nf6 4. Bg5 Be7 5. e5 Nfd7 6. Bxe7 Qxe7 7. Nf3 a6 8. Be2 c5 9. O-O Nc6 10. dxc5 Ncxe5
11. Nxe5 Nxe5 12. Qd4 Qf6 13. Rad1 Bd7 14. f4 Nc6 15. Qxf6 gxf6 16. a3 O-O-O 17. Na4 Ne7 18. Nb6+ Kc7 19. Nxd7 Rxd7 20. g4 Rg8
21. Kf2 f5 22. g5 Ng6 23. Kg3 Ne7 24. h4 f6 25. Kf2 fxg5 26. hxg5 Ng6 27. Kg3 Ne7 28. Rh1 Nc6 29. Rh6 Rg6 30. Rdh1 Rxh6
31. Rxh6 e5 32. fxe5 Nxe5 33. Bd3 Ng4
0-1

[Event "Autumn 1800+ Extra"]
[Site "SchemingMind.com"]
[Date "2017.12.05"]
[Round "-"]
[White "Stephen Woodhouse"]
[Black "emvarela"]
[Result "1/2-1/2"]
[WhiteCountry "ENG"]
[BlackCountry "ARG"]
[WhiteElo "1830"]
[WhiteRD "66"]
[BlackElo "1747"]
[BlackRD "64"]
[GameID "421550"]

1. e4 e5 2. Nf3 Nc6 3. d4 exd4 4. Nxd4 Bc5 5. Nxc6 Qf6 6. Qf3 Qxf3 7. gxf3 dxc6 8. Be3 Bb4+ 9. Nd2 Be6 10. a3 Bxd2+
11. Bxd2 O-O-O 12. O-O-O Ne7 13. Rg1 g6 14. Be2 f6 15. Bc3 Rxd1+ 16. Rxd1 Rf8 17. Bd4 b6 18. Ba6+ Kb8 19. Bc3 c5 20. h4 Nc6
21. f4 f5 22. e5 Rd8 23. Rxd8+ Nxd8 24. Kd2 c6= 25. Be2 Kb7 26. Ke3 c4 27. Kd4 c5+ 28. Ke3 Bd5 29. Bf3 Bxf3 30. Kxf3 Ne6
31. Bd2 Nd4+ 32. Kg3 Kc6=
1/2-1/2

[Event "Autumn 1800+ Extra"]
[Site "SchemingMind.com"]
[Date "2017.12.05"]
[Round "-"]
[White "emvarela"]
[Black "frankly"]
[Result "0-1"]
[WhiteCountry "ARG"]
[BlackCountry "ENG"]
[WhiteElo "1747"]
[WhiteRD "64"]
[BlackElo "2668"]
[BlackRD "64"]
[GameID "421551"]

1. e4 c5 2. Nf3 Nc6 3. d4 cxd4 4. Nxd4 Nf6 5. Nc3 e5 6. Nxc6 bxc6 7. Bd3 Bb4 8. O-O O-O 9. Bg5 h6 10. Bxf6 Qxf6
11. Qd2 Qg5 12. Qxg5 hxg5 13. Ne2 g6 14. a3 Be7 15. b4 a5 16. b5 cxb5 17. Bxb5 Rb8 18. c4 Kg7 19. Rfd1 Rd8 20. Nc3 Bc5
21. Na4 Bd4 22. Rab1 Bb7 23. Re1 f5 24. exf5 gxf5 25. Rec1 g4 26. Rb3 f4 27. Re1 Kf6 28. Nc3 g3 29. hxg3 fxg3 30. Ne4+ Bxe4
31. Rxe4 gxf2+ 32. Kf1 d5
0-1

[Event "Autumn 1800+ Extra"]
[Site "SchemingMind.com"]
[Date "2017.12.05"]
[Round "-"]
[White "frankly"]
[Black "emvarela"]
[Result "1-0"]
[WhiteCountry "ENG"]
[BlackCountry "ARG"]
[WhiteElo "2668"]
[WhiteRD "64"]
[BlackElo "1747"]
[BlackRD "64"]
[GameID "421552"]

1. d4 Nf6 2. Nf3 d5 3. c4 c6 4. Nc3 e6 5. Bg5 dxc4 6. e4 b5 7. e5 h6 8. Bh4 g5 9. Nxg5 hxg5 10. Bxg5 Nbd7
11. exf6 Bb7 12. g3 c5 13. d5 Nxf6 14. Bg2 Be7 15. O-O Nxd5 16. Bxe7 Qxe7 17. Bxd5 Rd8 18. Bxb7 Rxd1 19. Bc6+ Kf8 20. Raxd1 b4
21. Ne4 Qc7 22. Bb5 Qe5 23. Rfe1 Qxb2 24. Bxc4 Qe5 25. f4 Qh5 26. Re2 f5 27. Nxc5 Rh6 28. Rd8+
1-0

[Event "Autumn 1800+ Extra"]
[Site "SchemingMind.com"]
[Date "2017.12.07"]
[Round "-"]
[White "emvarela"]
[Black "Diadoco"]
[Result "1/2-1/2"]
[WhiteCountry "ARG"]
[BlackCountry "MEX"]
[WhiteElo "1747"]
[WhiteRD "64"]
[BlackElo "2016"]
[BlackRD "82"]
[GameID "421612"]

1. e4 e5 2. Nf3 Nc6 3. Bb5 a6 4. Bxc6 dxc6 5. O-O Bg4 6. d3 Qf6 7. Nbd2 Ne7 8. h3 h5 9. hxg4 hxg4 10. Nc4 gxf3
11. Qxf3 Qh4 12. Qh3 Qxh3 13. gxh3 Ng6 14. Kg2 O-O-O 15. f4 Nxf4+ 16. Bxf4 exf4 17. Rxf4 f6 18. Raf1 Bd6 19. Nxd6+ cxd6 20. R1f3 Rde8
21. Rg4=
1/2-1/2

[Event "Autumn 1800+ Extra"]
[Site "SchemingMind.com"]
[Date "2017.12.07"]
[Round "-"]
[White "Diadoco"]
[Black "emvarela"]
[Result "1-0"]
[WhiteCountry "MEX"]
[BlackCountry "ARG"]
[WhiteElo "2016"]
[WhiteRD "82"]
[BlackElo "1747"]
[BlackRD "64"]
[GameID "421613"]

1. e4 e5 2. Nf3 Nc6 3. Bb5 Bc5 4. c3 f5 5. d4 fxe4 6. Bxc6 dxc6 7. Nxe5 Bd6 8. Qh5+ g6 9. Qe2 Qh4 10. Nd2 Bf5
11. g4 Be6 12. Qxe4 Qe7 13. O-O Nf6 14. Qc2 Bxg4 15. Ndf3 Bxf3 16. Nxf3 O-O-O 17. Bg5 h6 18. Bh4 g5 19. Bg3 Bxg3 20. hxg3 Qe6
21. Kg2 g4 22. Ne5 Qd5+ 23. Kg1 Rhf8 24. Rfe1 Rde8 25. b3 Re6 26. Re3 Nd7 27. Rae1 Nxe5 28. dxe5 b6 29. c4 Qd7 30. Qe4 h5
31. a4
1-0

[Event "Autumn 1800+ Extra"]
[Site "SchemingMind.com"]
[Date "2017.12.06"]
[Round "-"]
[White "John Hamer"]
[Black "Diadoco"]
[Result "1-0"]
[WhiteCountry "ENG"]
[BlackCountry "MEX"]
[WhiteElo "1989"]
[WhiteRD "65"]
[BlackElo "1993"]
[BlackRD "88"]
[GameID "421614"]

1. d4 d5 2. Nf3 Nf6 3. Bg5 Ne4 4. Bf4 c5 5. dxc5 Nc6 6. Nbd2 Nxc5 7. e3 f6 8. Nd4 e5 9. Nxc6 bxc6 10. Bg3 Bf5
11. Be2 Bd6 12. O-O O-O 13. c4 Rb8 14. Nb3 Nxb3 15. axb3 Bb4 16. cxd5 cxd5 17. Rxa7 Qb6 18. Qxd5+ Be6 19. Qxe6+ Qxe6 20. Bc4 Qxc4
21. bxc4 Rfd8 22. Rc1 Bc5 23. Ra5 Bb4 24. Rd5 Rdc8 25. f4 Bc5 26. Bf2 exf4 27. exf4 Bxf2+ 28. Kxf2 Rxb2+ 29. Kf3 Rc7 30. Rc3 Kf7
31. h4 g6 32. c5 Rb5 33. g4 Ke6 34. Rd6+ Ke7 35. Re3+ Kf7 36. c6 Rc5 37. Ree6 f5 38. Rf6+ Kg7 39. gxf5 gxf5 40. Ke3 Rc1
41. Kd4 Rc2 42. Rfe6 Rf7 43. Kd3 Rc1 44. h5 Rd1+ 45. Kc3 Rc1+ 46. Kb2 Rc4 47. h6+ Kg8 48. Rd7 Rc5 49. Re8+
1-0

[Event "Autumn 1800+ Extra"]
[Site "SchemingMind.com"]
[Date "2017.12.06"]
[Round "-"]
[White "Diadoco"]
[Black "John Hamer"]
[Result "1/2-1/2"]
[WhiteCountry "MEX"]
[BlackCountry "ENG"]
[WhiteElo "1993"]
[WhiteRD "88"]
[BlackElo "1989"]
[BlackRD "65"]
[GameID "421615"]

1. e4 c6 2. d4 d5 3. exd5 cxd5 4. c4 Nf6 5. Nc3 e6 6. Nf3 Bb4 7. cxd5 exd5 8. Bd3 O-O 9. O-O Bg4 10. Bg5 Bxc3
11. bxc3 Nbd7 12. h3 Bh5 13. Re1 Re8 14. Rxe8+ Qxe8 15. Rc1 Ne4 16. Bf4 Nb6 17. g4 Bg6 18. Ne5 Rc8 19. Nxg6 hxg6 20. Qe1 Qa4
21. Bxe4 Re8 22. Qd1 Rxe4 23. Qxa4 Nxa4 24. Be3 f5 25. gxf5 gxf5 26. Kg2 Kf7 27. Kg3 b5 28. Rc2 Kf6 29. h4 Rg4+ 30. Kh3 Re4
31. Kg3 Re8 32. Rc1 Re6 33. Bg5+ Kf7 34. Be3 Re4 35. Rc2 Rg4+ 36. Kh3 Rg6 37. Rc1 Ra6 38. Kg3 Re6 39. h5 a6 40. Kf3 Rc6
41. Bd2 Rc8 42. Kf4 Kf6 43. Kg3 Rh8 44. Rh1 Rh7 45. Kg2 Nb2 46. Rh3 Rh8=
1/2-1/2

[Event "Autumn 1800+ Extra"]
[Site "SchemingMind.com"]
[Date "2017.12.06"]
[Round "-"]
[White "Diadoco"]
[Black "fu_manchu"]
[Result "1-0"]
[WhiteCountry "MEX"]
[BlackCountry "CAN"]
[WhiteElo "1993"]
[WhiteRD "88"]
[BlackElo "1827"]
[BlackRD "71"]
[GameID "421616"]

1. e4 c5 2. Nf3 g6 3. c4 Bg7 4. d4 cxd4 5. Nxd4 Nc6 6. Be3 d6 7. Nc3 Nf6 8. Be2 O-O 9. O-O Nxd4 10. Bxd4 e5
11. Be3 a6 12. f3 Be6 13. Qd2 Qe7 14. Rac1 Rac8 15. b3 Nh5 16. g4 Nf6 17. Rfd1 Ne8 18. Nd5 Bxd5 19. cxd5 Nf6 20. Rxc8 Rxc8
21. Rc1 Rxc1+ 22. Qxc1 Qd7 23. Bb6 h5 24. h3 hxg4 25. hxg4 Qe7 26. Qc8+ Ne8 27. Bd8 Qf8 28. Qxb7 Bh6 29. g5 Bg7 30. Be7
1-0

[Event "Autumn 1800+ Extra"]
[Site "SchemingMind.com"]
[Date "2017.12.06"]
[Round "-"]
[White "fu_manchu"]
[Black "Diadoco"]
[Result "0-1"]
[WhiteCountry "CAN"]
[BlackCountry "MEX"]
[WhiteElo "1824"]
[WhiteRD "72"]
[BlackElo "2016"]
[BlackRD "82"]
[GameID "421617"]

1. e4 c5 2. Nf3 d6 3. d4 cxd4 4. Nxd4 Nf6 5. Nc3 a6 6. Bg5 Nbd7 7. Bc4 Qb6 8. Bb3 e6 9. O-O Be7 10. Be3 Nc5
11. a4 Qc7 12. Ba2 Ncxe4 13. Nxe4 Nxe4 14. Qg4 Nf6 15. Qxg7 Rg8 16. Qh6 Bd7 17. Bd2 Rg6 18. Qe3 e5 19. Qb3 exd4 20. Qxf7+ Kd8
21. Rfe1 Bc6 22. Ba5 Qxa5 23. Qxe7+ Kc8 24. Be6+ Kb8 25. Qxd6+ Qc7 26. Qxc7+ Kxc7 27. g3 Rd8 28. Bf5 Rg7 29. b3 Nd5 30. Bd3 Nc3
31. Re5 Re8 32. Rae1 Rxe5 33. Rxe5 Kd6 34. Rh5 Be4 35. Bxe4 Nxe4 36. Rh6+ Kc5 37. Rh4 Re7 38. f3 Nd2 39. Kf2 Nb1 40. Re4 Rxe4
41. fxe4 Na3 42. e5 Kd5 43. e6 Kxe6 44. Ke2 Kd5 45. Kd3 Nb1 46. g4 Nc3 47. h4 Ne4 48. g5 Nc5+ 49. Ke2 Ke4 50. a5 Ne6
51. b4 Nf4+ 52. Kf2 Ng6 53. h5 Nf8 54. Ke2 Kf5 55. Kd3 Ne6 56. g6 hxg6 57. h6 Kf6 58. c4 dxc3 59. Kxc3 g5 60. Kd3 Kg6
0-1

[Event "Autumn 1800+ Extra"]
[Site "SchemingMind.com"]
[Date "2017.12.05"]
[Round "-"]
[White "Diadoco"]
[Black "Stephen Woodhouse"]
[Result "1/2-1/2"]
[WhiteCountry "MEX"]
[BlackCountry "ENG"]
[WhiteElo "1986"]
[WhiteRD "95"]
[BlackElo "1840"]
[BlackRD "61"]
[GameID "421618"]

1. e4 e6 2. d4 d5 3. Nc3 Nf6 4. e5 Nfd7 5. f4 c5 6. Nf3 Nc6 7. Be3 a6 8. Qd2 cxd4 9. Nxd4 Bc5 10. O-O-O Nxd4
11. Bxd4 Bxd4 12. Qxd4 b5 13. Bd3 Qb6 14. Ne2 Bb7 15. Qxb6 Nxb6 16. Nd4 Rc8 17. b3 g6 18. g4 h5 19. g5 Ke7 20. h4 Nd7
21. b4 Nb6 22. Nb3 Na4 23. Rd2 Rc7 24. Rhh2 Rhc8 25. Kb1 Nc3+ 26. Ka1 Na4 27. a3 Rc3 28. Ka2 R3c7 29. Ka1 Rc3 30. Ka2 R3c7
31. Ka1 Rc3 32. Ka2
1/2-1/2

[Event "Autumn 1800+ Extra"]
[Site "SchemingMind.com"]
[Date "2017.12.05"]
[Round "-"]
[White "Stephen Woodhouse"]
[Black "Diadoco"]
[Result "1/2-1/2"]
[WhiteCountry "ENG"]
[BlackCountry "MEX"]
[WhiteElo "1840"]
[WhiteRD "61"]
[BlackElo "1986"]
[BlackRD "95"]
[GameID "421619"]

1. e4 c5 2. c3 Nf6 3. e5 Nd5 4. d4 cxd4 5. Nf3 Nc6 6. cxd4 d6 7. Bc4 dxe5 8. Nxe5 e6 9. O-O Bd6 10. Nxc6 bxc6
11. Nc3 O-O 12. Nxd5 cxd5 13. Bd3 Qh4 14. g3 Qf6 15. Be3 e5 16. dxe5 Bxe5 17. Qb3 Be6 18. Bd2 Bxb2 19. Rab1 Rfb8 20. Qc2 Bd4
21. Be3 g6 22. Bxd4 Qxd4 23. Rfd1 Qf6 24. Rxb8+ Rxb8 25. Rb1 Rxb1+ 26. Qxb1 Qd4 27. h4 Kg7 28. Kg2 a5 29. Qc2 a4 30. a3 Bd7
31. Be2 Qe4+ 32. Qxe4 dxe4 33. Bc4 f5 34. Kf1 Kf6 35. Ke2 Be6 36. Bb5 Bb3 37. Ke3 Ke5 38. Be8 Kf6 39. Kf4 h6 40. Bc6 g5+
41. hxg5+ hxg5+ 42. Ke3 Ke5 43. Bb5 f4+ 44. gxf4+ gxf4+ 45. Kd2 Kd4 46. Be8 e3+ 47. fxe3+ fxe3+ 48. Ke2 Bc4+ 49. Ke1 Bb3 50. Ke2 Bc2
51. Bb5 Bb3 52. Be8 Bc4+ 53. Ke1 Kc3 54. Bxa4 Kb2 55. Bc6 Kxa3 56. Bf3 Kb2 57. Be2 Kc3 58. Bh5 Bd3=
1/2-1/2

[Event "Autumn 1800+ Extra"]
[Site "SchemingMind.com"]
[Date "2017.12.06"]
[Round "-"]
[White "Diadoco"]
[Black "frankly"]
[Result "0-1"]
[WhiteCountry "MEX"]
[BlackCountry "ENG"]
[WhiteElo "1986"]
[WhiteRD "95"]
[BlackElo "2625"]
[BlackRD "62"]
[GameID "421620"]

1. e4 e5 2. Nf3 Nc6 3. Bc4 Nf6 4. d3 Be7 5. O-O O-O 6. Re1 d6 7. a4 Be6 8. Nbd2 Nd7 9. c3 a5 10. Nf1 Bxc4
11. dxc4 Qe8 12. Ne3 Nd8 13. b4 Ne6 14. Nd5 Qd8 15. g3 Re8 16. Qd3 Bf8 17. Bd2 c6 18. Ne3 Nb6 19. Qc2 Qf6 20. Nh4 axb4
21. cxb4 Nd4 22. Qd1 Qe6 23. Bc3 g6 24. Bxd4 exd4 25. Qxd4 Nxa4 26. f3 Bg7 27. Qd3 Bxa1 28. Rxa1 Nb2 29. Qb1 Nxc4 30. Rxa8 Rxa8
31. Nhg2 Qf6 32. Qc2 Qxf3 33. Qxc4 Ra1+ 34. Nf1 b5
0-1